| 000 | 01435pam a2200373 a 4500 | ||
|---|---|---|---|
| 001 | 2016644 | ||
| 005 | 19911205080127.5 | ||
| 008 | 911121s1992 pau b 001 0 eng c | ||
| 010 | _a 91044529 | ||
| 020 | _a0397547587 | ||
| 020 | _a9780397547586 | ||
| 040 |
_aDNLM/DLC _cDLC _dDLC |
||
| 050 | 1 | 0 |
_aRC440 _b.M32 1992 |
| 060 | _aWY 18 M4777n | ||
| 082 | 0 | 0 |
_a616.89075 _222 _bMCF |
| 100 | 1 |
_aMcFarland, Gertrude K., _d1941- _922379 |
|
| 245 | 1 | 0 |
_aNursing Diagnoses and Process in Psychiatric Mental Health Nursing / _cGertrude K. McFarland, Evelyn L. Wasli, Elizabeth Kelchner Gerety. |
| 250 | _a2nd ed. | ||
| 260 |
_aPhiladelphia : _bJ.B. Lippincott, 1992 _cc1992. |
||
| 300 |
_axiii, 321 p. ; _c22 cm. |
||
| 504 | _aIncludes bibliographical references and index. | ||
| 541 | _aDr. Shahrazad P; | ||
| 650 | 0 |
_aPsychiatric nursing. _922380 |
|
| 650 | 0 |
_aMental illness _xDiagnosis. _922381 |
|
| 650 | 2 |
_aMental Disorders _xdiagnosis _xoutlines. _922382 |
|
| 650 | 2 |
_aNursing Assessment _xoutlines. _922383 |
|
| 650 | 2 |
_aNursing Process _xoutlines _922384 |
|
| 650 | 2 |
_aPsychiatric Nursing _xoutlines. _922385 |
|
| 700 | 1 |
_aWasli, Evelyn L. _922386 |
|
| 700 | 1 |
_aGerety, Elizabeth Kelchner. _922387 |
|
| 942 |
_2ddc _cNRB |
||
| 999 |
_c14971 _d14971 |
||